Statistics for Top 5 Caribbean Countries with the Most Tourists

Click here to take the quiz!

General Stats

  • This quiz has been taken 74 times
  • The average score is 5 of 5

Answer Stats

Number of TouristsCountry% Correct
2,080,000Jamaica
100%
2,970,000Cuba
100%
1,427,000Bahamas
94%
5,141,000Dominican Republic
92%
521,000Barbados
89%

Score Distribution

Percentile by Number Answered

Percent of People with Each Score

Your Score History

You have not taken this quiz